Statistics for FIFA 22 TOTW 22

Click here to take the quiz!

General Stats

  • This quiz has been taken 6 times
  • The average score is 14 of 23

Answer Stats

ClubPositionRatingAnswer% Correct
FulhamST86Aleksandar Mitrovic
100%
SouthamptonCM86James Ward-Prowse
100%
NewcastleRB86Kieran Trippier
100%
Borussia DortmundCAM86Marco Reus
100%
AC MilanGK86Mike Maignan
100%
Man CityLW90Raheem Sterling
100%
TrabzonsporRM86Edin Visca
83%
JuventusCB86Matthijs De Ligt
83%
Real BetisCAM86Nabil Fekir
83%
Aston VillaLW84Philippe Coutinho
83%
VillarrealGK83Geronimo Rulli
67%
Borussia MonchengladbachLWB82Ramy Bensebaini
67%
EspanyolST82Raul De Tomas
67%
AjaxST83Sebastien Haller
67%
VFL BochumLW79Gerrit Holtmann
50%
LazioLW84Mattia Zaccagni
50%
PlymouthST74Ryan Hardie
50%
HoffenheimCB81Benjamin Hubner
17%
Mumbai City FCLM70Bipin Singh
17%
StrasbourgST81Kevin Gameiro
17%
Accrington StanleyLW75Sean McConville
17%
LyonCDM86Tanguy Ndombele
17%
AZ AlkmaarCB77Sam Beukema
0%

Score Distribution

Percentile by Number Answered

Percent of People with Each Score

Your Score History

You have not taken this quiz